Příběh fotografie : Vyprávění o historii světové fotografie prostřednictvím životních a tvůrčích osudů významných osobností a mezních vývojových okamžiků /
Enregistré dans:
| Auteurs principaux: | , |
|---|---|
| Autres auteurs: | |
| Format: | Livre |
| Langue: | tchèque |
| Publié: |
Praha :
Mladá fronta,
1985
|
| Édition: | 1. vydanie |
| Collection: | Máj,
č. 446 |
| Sujets: | |
| Tags: |
Pas de tags, Soyez le premier à ajouter un tag!
|
MARC
| LEADER | 00000nam a22000003a 4500 | ||
|---|---|---|---|
| 001 | 0103730 | ||
| 003 | SK-STU | ||
| 005 | 20230725142620.7 | ||
| 007 | ta | ||
| 008 | 230725s ----xo-----e------000-0-----d | ||
| 040 | |a STU |b slo | ||
| 041 | 0 | |a cze | |
| 044 | |a xr | ||
| 100 | 1 | |a Mrázková, Daniela |4 aut | |
| 245 | 1 | 0 | |a Příběh fotografie : |b Vyprávění o historii světové fotografie prostřednictvím životních a tvůrčích osudů významných osobností a mezních vývojových okamžiků / |c aut. Daniela Mrázková, Ludvík Baran ; rec. Jiří Macků |
| 250 | |a 1. vydanie | ||
| 260 | |a Praha : |b Mladá fronta, |c 1985 | ||
| 300 | |a 272 s., |b z toho 16 s. far. príl. | ||
| 490 | 0 | |a Máj, |v č. 446 | |
| 650 | 0 | 7 | |a fotografia |
| 650 | 0 | 7 | |a dejiny a teória umenia |
| 650 | 0 | 7 | |a umelecká fotografia |
| 650 | 0 | 7 | |a dokument |
| 650 | 0 | 7 | |a fotografi |
| 650 | 0 | 7 | |a umelecké dielo |
| 650 | 0 | 7 | |a historická fotografia |
| 650 | 0 | 7 | |a digitálne fotografie |
| 650 | 0 | 7 | |a fotografické techniky |
| 650 | 0 | 7 | |a výtvarné umenie |
| 650 | 0 | 7 | |a vesmír |
| 700 | 1 | |a Macků, Jiří |4 rev | |
| 700 | 1 | |a Baran, Ludvík |4 aut |4 edt | |
| 996 | |b 284AU09809 |c A* 13170/U |l AAKNAR |s A |a 24 |w 0103730_0001 | ||